| 000 | 01490pam a22003497a 4500 | ||
|---|---|---|---|
| 999 |
_c50565 _d50565 |
||
| 001 | 14700470 | ||
| 005 | 20200227165025.0 | ||
| 008 | 070117s2007 at a b 001 0 eng d | ||
| 010 | _a 2007360162 | ||
| 020 | _a9780868408354 (pbk.) | ||
| 020 | _a0868408352 (pbk.) | ||
| 040 |
_aANL _beng _cDLC _dDLC |
||
| 041 | _aeng | ||
| 043 | _au-at--- | ||
| 050 | 0 | 0 |
_aSH131 _b.R66 2007 |
| 080 | _a639 R-75 | ||
| 082 | 0 | 4 |
_a639.310994 _222 |
| 100 | 1 |
_aRomanowski, Nick, _d1954- _97592 |
|
| 245 | 1 | 0 |
_aSustainable freshwater aquaculture : _bthe complete guide from backyard to investor / _cNick Romanowski. |
| 264 |
_aSydney : _bUNSW Press, _c2007. |
||
| 300 |
_a184 p. : _bcol. ill. ; _c24 cm. |
||
| 500 | _aRevision of "Farming in ponds and dams, an introduction to freshwater aquaculture in Australia". | ||
| 504 | _aIncludes bibliographical references and index. | ||
| 650 | 0 |
_aAquaculture _zAustralia. _97593 |
|
| 650 | 0 |
_aAquaculture industry _zAustralia. _97594 |
|
| 653 | _aმტკნარი წყლის აკვაკულტურა | ||
| 653 | _aსოფლის მეურნეობა | ||
| 740 | 0 | _aFarming in ponds and dams, an introduction to freshwater aquaculture in Australia | |
| 906 |
_a7 _bcbc _ccopycat _d3 _encip _f20 _gy-gencatlg |
||
| 942 |
_2udc _cBK |
||
| 955 |
_anb09 2007-01-17 z-processor (Copy 1) forwarded to SSCD for processing; _ase00 2007-03-12 _alk53 2007-06-08 additional copy received _ijx85 2007-07-10 _alg13 2008-07-30 sent Copy 2 to BCCD |
||